000 00718nam a2200289Ia 4500
005 20260324131116.0
008 008 260324s9999 xx 000 0 eng d
020 _a9780203955970
037 _aEBOOK
040 _aCRL
040 _beng
040 _cCRL
041 _2eng
041 _aeng
084 _qCRL
100 _aMark Dworkin; Francine Shapiro
_91184251
245 0 _aEMDR and the Relational Imperative
245 4 _bThe Therapeutic Relationship in EMDR Treatment
260 _bTaylor and Francis
260 _c2006
365 _a
365 _b80.99
856 _uhttp://www.taylorfrancis.com/books/9780203955970
942 _cEBOOK
999 _c1781127
_d1781127